Steffens M., Calmeyn M.-L., Gomez P.-Y., Landete L., des Lauriers T., Streb B., Valentin B., Et maintenant ? 7 vertus pour traverser la crise, Paris, Emmanuel, 2021, 15x20, 198 p., 17,00 €. ISBN 978-2-353-89878-7 (notice n° 1625262)

détails MARC
000 -LEADER
fixed length control field 01418cam a2200169 4500500
005 - DATE AND TIME OF LATEST TRANSACTION
control field 20260111093056.0
041 ## - LANGUAGE CODE
Language code of text/sound track or separate title fre
042 ## - AUTHENTICATION CODE
Authentication code dc
100 10 - MAIN ENTRY--PERSONAL NAME
Personal name Dijon, Xavier
Relator term author
245 00 - TITLE STATEMENT
Title Steffens M., Calmeyn M.-L., Gomez P.-Y., Landete L., des Lauriers T., Streb B., Valentin B., Et maintenant ? 7 vertus pour traverser la crise, Paris, Emmanuel, 2021, 15x20, 198 p., 17,00 €. ISBN 978-2-353-89878-7
260 ## - PUBLICATION, DISTRIBUTION, ETC.
Date of publication, distribution, etc. 2021.<br/>
500 ## - GENERAL NOTE
General note 50
520 ## - SUMMARY, ETC.
Summary, etc. Sur l’initiative éditoriale de Benoît Heilbrunn, Jean-Marc Ferry livre en ces Écrits philosophiques une synthèse de ses travaux menés en plus de trente ans de carrière, essentiellement comme professeur de philosophie politique à l’Université libre de Bruxelles, puis comme titulaire de la chaire de « Philosophie de l’Europe » à l’Université de Nantes.
520 ## - SUMMARY, ETC.
Summary, etc. On the editorial initiative of Benoît Heilbrunn, Jean-Marc Ferry delivers in these Écrits philosophiques a synthesis of his work carried out over a career of over 30 years, essentially as professor of political philosophy at the Université libre de Bruxelles, then as holder of the chair of “Philosophy of Europe” at the Université de Nantes.
786 0# - DATA SOURCE ENTRY
Note Nouvelle revue théologique | 144 | 1 | 2021-12-23 | p. 155e-161e | 0029-4845
856 41 - ELECTRONIC LOCATION AND ACCESS
Uniform Resource Identifier <a href="https://shs.cairn.info/revue-nouvelle-revue-theologique-2022-1-page-155e?lang=fr&redirect-ssocas=7080">https://shs.cairn.info/revue-nouvelle-revue-theologique-2022-1-page-155e?lang=fr&redirect-ssocas=7080</a>

Pas d'exemplaire disponible.

PLUDOC

PLUDOC est la plateforme unique et centralisée de gestion des bibliothèques physiques et numériques de Guinée administré par le CEDUST. Elle est la plus grande base de données de ressources documentaires pour les Étudiants, Enseignants chercheurs et Chercheurs de Guinée.

Adresse

627 919 101/664 919 101

25 boulevard du commerce
Kaloum, Conakry, Guinée

Réseaux sociaux

Powered by Netsen Group @ 2025